| 000 | 04500cam a2200433 i 4500 | ||
|---|---|---|---|
| 001 | 21111260 | ||
| 003 | CSPC | ||
| 005 | 20250902172310.0 | ||
| 008 | 190720s2020 enk b 001 0 eng c | ||
| 010 | _a 2019029736 | ||
| 020 |
_a9780367259730 _q(hardback) |
||
| 035 | _a21111260 | ||
| 040 |
_aLBSOR/DLC _beng _cDLC _erda _dDLC _dCSPC |
||
| 042 | _apcc | ||
| 050 | 0 | 0 |
_aHD61 _b.S725 2020 |
| 082 | 0 | 0 |
_a363.3462 _bSt244 _223 |
| 245 | 0 | 0 |
_aStandardization and risk governance : _ba multi-disciplinary approach / _cedited by Odd Einar Olsen, [and 3 others]. |
| 264 | 1 |
_aAbingdon, Oxon ; _aNew York, NY : _bRoutledge, _c2020. |
|
| 300 |
_axv, 290 pages ; _c25 cm. |
||
| 336 |
_atext _btxt _2rdacontent |
||
| 337 |
_aunmediated _bn _2rdamedia |
||
| 338 |
_avolume _bnc _2rdacarrier |
||
| 490 | 0 | _aRoutledge new security studies | |
| 504 | _aIncludes bibliographical references and index. | ||
| 505 | 0 | _aPart I. Introduction -- The standardization of risk governance -- Standardization of risk versus the risk of standardization: a conceptual analysis -- Part II. Standardization of risk management -- Towards a standardization of EU disaster risk management? -- Standardization of disaster risk management: challenges and opportunities -- Explosive remnants in Swedish society: standardization to visualize a complex risk picture -- Which crisis? The promise of standardized risk ranking in the field of EU infectious disease control -- Standardization and flexibility in surgical operations: a question of balancing risk -- Part III. Impact of standardization processes -- Pre-crime and standardization of security risks -- Standardization of terrorism risk analysis: a means or an obstacle to achieving security? -- Standardization of cybersecurity for critical infrastructures: the role of sensemaking and translation -- Standardization and risk mapping: strengths and weaknesses -- Part IV. Standardization of risk in business activity -- Standardization, risk dispersion, and trading -- UN guiding principles on business and human rights -- The role of standards in hard and soft approaches to safety regulation -- Consensus and conflicts: tripartite model and standardization in the Norwegian petroleum industry -- Dilemmas of standardization in risk governance. | |
| 520 |
_a"This multi-disciplinary book conceptualises, maps and analyses ongoing standardisation processes of risk issues across various sectors, processes and practices. Standards are not only technical specifications and guidelines to support efficient risk governance, but also contain social, political, economic and organizational aspects. This book presents a variety of standardization processes and applications of standards that may influence our judgements of risk, the organizing of risk governance, and accordingly our ways of behaviour. Standardization and standards can impact risk governance in different ways. The most important lessons drawn from the present volume can be summarized under three areas: (a) how standardization might impact on power relations and interests; (b) how standardization may change flexibility in decision-making, communication, and cooperation; and (c) how standardization could (re)direct attention and risk perception. The volume's purpose is to present an analysis of standardisation processes and how it impacts on our thinking about risk, how we organise risk governance and how standardisation may influence on risk management. In so doing, it contributes to a more informed discourse regarding the use of standards and standardisation in contemporary risk management. This book will be of much interest to students of risk, standardisation, global governance and critical security studies"-- _cProvided by publisher. |
||
| 650 | 0 |
_aRisk management _xStandards. |
|
| 650 | 0 |
_aRisk assessment _xStandards. |
|
| 650 | 0 |
_aStandardization _xSocial aspects. |
|
| 700 | 1 |
_aOlsen, Odd Einar, _d1954- _eeditor. |
|
| 700 | 1 |
_aJuhl, Kirsten, _eeditor. |
|
| 700 | 1 |
_aLindøe, Preben Hempel, _eeditor. |
|
| 700 | 1 |
_aEngen, Ole Andreas, _eeditor. |
|
| 776 | 0 | 8 |
_iOnline version: _tStandardization and risk governance. _dAbingdon, Oxon ; New York, NY : Routledge, 2020. _z9780429290817 _w(DLC) 2019029737 |
| 906 |
_a7 _bcbc _corignew _d1 _eecip _f20 _gy-gencatlg |
||
| 942 |
_2ddc _cBK _e23 _h363.3462 _iSt244 _kGRD _m2020 _n0 |
||
| 999 |
_c30255 _d30255 |
||